000 00686nam a2200181Ia 4500
008 090630s9999 xx 000 0 und d
082 _b19897
100 _aकुंटे माधवी.
245 _aभारतरत्न पंतप्रधान भाग 4.
_cकुंटे माधवी.
260 _bडिंपल - वसई.
_c1994
300 _a49
600 _aकुंटे माधवी.
630 _aभारतरत्न पंतप्रधान भाग 4.
655 _aचरित्र.
700 _aकुंटे माधवी.
730 _aभारतरत्न पंतप्रधान भाग 4.
942 _cBOOK
999 _c271753
_d271753